1603 1617 1776 1135 1634 1000 1193 1932 1841 1731 1084 1674 1635 1060 1627 1231 1691 1596 1384 1741 1297 1919 1233 1159 1760 1468 1743 1240 1164 1550 1160 1020 1629 1318 1348 1031 1801 1136 1800 1107 1187 1404 1717 1307 1945 1672 1639 1958 1309 1281 1335 1304 1262 1168 1737 1622 1852 1854 1671 1449 1018 1721 1814 1926 1955 1782 1520 1424 1526 1844 1869 1186 1492 1289 1201 1778 1860 1878 1178 1797 1010 1422 1664 1312 1439 1453 1622 1028 1680 1276 1055 1100 1554 1588 1781 1865 1965 1321 1132 BCNSPRNW ULIB Ver.6.0+V

เปลี่ยนเป็นภาษาไทย

Change to English
 แสดงรายละเอียดบรรณานุกรม
  กลับหน้าหลัก

Brief Record : Get Marc (ISO 2709) : E-mail record : QR code < ปิดหน้าต่าง
LEADER : 00000nam 2200000uu 4500
001    13399122864
003     ULIB
008    131022s2555||||th 000 0 tha d
020    ^a9786162132148
050  4 ^aDS520^bส834ส
100    ^aสุภฤกษ์ บุญทอง
245    ^aสวัสดี...เมืองไทย/^cสุภฤกษ์ บุญทอง
250    ^aพิมพ์ครั้งที่ 1
260    ^aกรุงเทพฯ :^bสกายบุ๊กส์,^c2555
300    ^a72 หน้า
440  0 ^aชุด ประชาคมอาเซียนฉบับการ์ตูน
650  7 ^aอาเซียน^xเสริมความรู้
650  7 ^aไทย
945    ^p119^l0^i034084
999    ^aเกษร โพธิ์สุวรรณ
รายการนี้ยังไม่มีแท็ก
คุณยังไม่ได้ล็อกอิน คุณสามารถมีกิจกรรมร่วมกับเว็บไซต์ได้ แต่ต้องล็อกอินก่อน ::
  ล็อกอิน

รายการสื่อสารสนเทศ

ลำดับที่ ประเภท เลขเรียก/บาร์โค้ด สถานที่ สถานะ
1. การศึกษาทั่วไป
หนังสือสำรอง
สถานะ=หนังสือสำรอง
DS520 ส834ส  
  Barcode: 034084
ห้องสมุดวิทยาเขตสวรรค์ประชารักษ์
►หนังสือทั่วไป
บนชั้น

รายการใกล้เคียง
    ผู้แต่ง [สุภฤกษ์ บุญทอง]

    หัวเรื่อง [ไทย]

BibComment


ยังไม่เคยถูกคอมเมนท์

คอมเมนท์ทรัพยากรรายการนี้
  คอมเมนท์: สวัสดีเมืองไทย ส..


 Copyright 2026. Bcnsprnw @Library